[Event "TCh-ROU Superliga"]
[Site "Eforie Nord ROU"]
[Date "2009.09.26"]
[Round "8"]
[White "Marin,Mi"]
[Black "Cioara,A"]
[Result "1/2-1/2"]
[WhiteElo "2616"]
[BlackElo "2415"]

1.c4 c6 2.g3 d5 3.Nf3 dxc4 4.Bg2 Nd7 5.Na3 Nb6 6.Qc2 Be6 7.Ng5 Qd7 8.O-O Nf6
9.b3 cxb3 10.axb3 Bg4 11.Nc4 Nxc4 12.Qxc4 e6 13.Bb2 Bh5 14.Ra5 Bg6 15.Rfa1 Be7
16.Rxa7 Rxa7 17.Rxa7 O-O 18.d3 Nd5 19.Nf3 f6 20.Nd4 Bf7 21.Bh3 Rb8 22.b4 Nc7
23.Nb3 Nb5 24.Ra1 Qd5 25.Qxd5 exd5 26.Nc5 Bxc5 27.bxc5 d4 28.Kf1 Bb3 29.e4 dxe3
30.fxe3 Kf7 31.Ke2 Rd8 32.Rc1 Ra8 33.Ra1 Rd8 34.Bg2 Bc2 35.Be4 Bb3 36.g4 Bd5
37.Bxd5+ Rxd5 38.Rc1 h5 39.h3 hxg4 40.hxg4 Rd8 41.Rh1 Ra8 42.Kf3 Ra2 43.Rb1 Ke6
44.e4 Ra4 45.Ra1 Rb4 46.Ra2 g6 47.Ke3 f5 48.Bh8 fxe4 49.dxe4 Rc4 50.Rf2 Ke7
51.Bf6+ Ke6 52.Bh8 Ke7 53.Bf6+ Ke6 54.Bb2 Nc3 55.Bxc3 Rxc3+ 56.Kd4 Rb3 57.Kc4 Re3
58.Kd4 Rb3 59.Kc4 Re3 60.Kd4  1/2-1/2

[Event "TCh-NED 2009-10"]
[Site "Netherlands NED"]
[Date "2009.09.26"]
[Round "1"]
[White "De Jager,J"]
[Black "Ris,R"]
[Result "1/2-1/2"]
[WhiteElo "2368"]
[BlackElo "2420"]

1.c4 c6 2.g3 d5 3.Bg2 Nf6 4.Nf3 Bg4 5.cxd5 Bxf3 6.Bxf3 cxd5 7.O-O e6 8.b3 Nc6
9.Bb2 Be7 10.Bg2 O-O 11.e3 Rc8 12.d3 Qb6 13.a3 Rfd8 14.Nd2 Nd7 15.Qb1 Bf6
16.d4 Ne7 17.Qd3 Nf5 18.Rfc1 g6 19.Rc2 Rxc2 20.Qxc2 Nd6 21.Rc1 Rc8 22.Qb1 Rc6
23.Bf1 Qc7 24.a4 Be7  1/2-1/2

[Event "TCh-ISL 2009-10"]
[Site "Rekjavik ISL"]
[Date "2009.09.26"]
[Round "3"]
[White "Tikkanen,H"]
[Black "Hoffmann,Micha1"]
[Result "1/2-1/2"]
[WhiteElo "2447"]
[BlackElo "2513"]

1.c4 c6 2.d4 d5 3.Nf3 Nf6 4.e3 e6 5.b3 Nbd7 6.Bb2 b6 7.Bd3 Bb7 8.O-O Be7
9.Nc3 O-O 10.Qe2 Qc7 11.Rad1 Rad8 12.Bb1 c5 13.cxd5 Nxd5 14.Nxd5 Bxd5 15.e4 Bb7
16.dxc5 Nxc5 17.Qe3 Rxd1 18.Rxd1 Rd8 19.Rc1 a5 20.h3 h6 21.Be5 Bd6 22.Qc3 Bxe5
23.Nxe5 Ba6 24.g3 Qd6 25.Nc4 Bxc4 26.Qxc4 Qd2 27.Kg2 g6 28.Qf1 Kg7 29.Rc2 Qd4
30.Rc4 Qb2 31.Rc2 Qe5 32.Re2 Rd4 33.Qe1 Qd6 34.Qc3 e5 35.Re3 Rd1 36.Bc2 Rd2
37.a3 Qd4 38.b4 axb4 39.axb4 Na6 40.Bb3 Qxc3 41.Rxc3 Rb2 42.Rf3 f6 43.Rd3 Nxb4
44.Rd7+ Kf8 45.Bc4 Nc2 46.Be6 f5 47.exf5 gxf5 48.g4 f4 49.Bf5 Ne1+ 50.Kf1 Nf3
51.Rd8+ Ke7 52.Rd7+ Ke8 53.Rd5 Kf7 54.Rd7+ Kf6 55.Rd6+ Ke7 56.Rd7+ Ke8 57.Rd5 Rd2
58.Rb5 Rd6 59.Be4 Nd4  1/2-1/2

[Event "TCh-ISL 2009-10"]
[Site "Rekjavik ISL"]
[Date "2009.09.26"]
[Round "3"]
[White "Skousen,N"]
[Black "Olsen,H"]
[Result "1-0"]
[WhiteElo "2286"]
[BlackElo "2355"]

1.c4 c6 2.Nf3 Nf6 3.g3 d5 4.Bg2 g6 5.O-O Bg7 6.d4 O-O 7.cxd5 cxd5 8.Nc3 Ne4
9.Nxe4 dxe4 10.Ne5 f6 11.Qb3+ e6 12.Nc4 f5 13.Bf4 Nc6 14.e3 g5 15.Bd6 Rf7
16.f3 exf3 17.Bxf3 Rd7 18.Be5 g4 19.Bg2 Ne7 20.Rad1 Nd5 21.e4 fxe4 22.Bxe4 b5
23.Bxd5 Rxd5 24.Ne3 Bxe5 25.Nxd5 Bg7 26.Ne3 Bxd4 27.Rd3 Kg7 28.Rf4 e5 29.Qf7+ Kh8
30.Rdxd4  1-0

[Event "TCh-ROU Superliga"]
[Site "Eforie Nord ROU"]
[Date "2009.09.27"]
[Round "9"]
[White "Marin,Mi"]
[Black "Vajda,Al1"]
[Result "1/2-1/2"]
[WhiteElo "2616"]
[BlackElo "2451"]

1.c4 c6 2.Nc3 d5 3.d4 Nf6 4.e3 g6 5.Nf3 Bg7 6.Bd3 O-O 7.O-O Be6 8.cxd5 cxd5
9.Bd2 Nc6 10.Rc1 Bf5 11.Bxf5 gxf5 12.Qb3 Rb8 13.Rfd1 e6 14.Ne2 Ne4 15.Nf4 Qe7
16.Nd3 Rfc8 17.Bb4 Qd8 18.Be1 Rc7 19.Rc2 Rbc8 20.Rdc1 Nb8 21.Nfe5 Rxc2 22.Rxc2 Rxc2
23.Qxc2 f6 24.Nf3 Nc6 25.g3 Qc8 26.Nh4 Nd6 27.Ng2 Nc4 28.b3 Nd6 29.Ngf4 Nd8
30.Qxc8 Nxc8 31.Ba5 b6 32.Bb4 Kf7 33.Kf1 Nc6 34.Ke1 Bh6 35.Ne2 Ke8 36.Ba3 Kd7
37.Nc3 Nd8 38.Kf1 Nf7 39.Kg2 Ncd6 40.h3 Ne4 41.Ne2 Nd8 42.Bb4 Nc6 43.Be1 Nd6
44.Kf1 Nf7 45.Nb4 Ne7 46.Nc3 Nd6 47.Ke2 Bf8 48.Nd3 Bh6 49.f3 Nc6 50.Bf2 Ne7
51.g4 fxg4 52.hxg4 Nc6 53.Bh4 Ne8 54.Kf2 Bf8 55.Nf4 Bb4 56.Nce2 Be7 57.Nh5 Nb4
58.Nc3 Nc6 59.Ke2 Bb4 60.Nd1 Ke7 61.Nf2 Kf7 62.Nd3 Be7 63.Bg3  1/2-1/2

[Event "74th ch-ESP Absoluto"]
[Site "Palma de Mallorca ESP"]
[Date "2009.09.27"]
[Round "2"]
[White "Segura Ariza,J"]
[Black "Almagro Llamas,P"]
[Result "0-1"]
[WhiteElo "2210"]
[BlackElo "2470"]

1.c4 c6 2.Nf3 d5 3.b3 Bf5 4.Bb2 e6 5.g3 Nf6 6.Bg2 Bd6 7.d3 O-O 8.Nbd2 Qe7
9.Nh4 Bg4 10.h3 Bh5 11.Qc2 Ba3 12.Bxa3 Qxa3 13.f4 Na6 14.g4 Bg6 15.O-O Rad8
16.Ndf3 Rfe8 17.Qc1 Qe7 18.Qe1 Nb4 19.Qf2 c5 20.Rfc1 Bxd3 21.a3 Ne4 22.Qf1 Ng3  0-1

[Event "TCh-ISL 2009-10"]
[Site "Rekjavik ISL"]
[Date "2009.09.27"]
[Round "4"]
[White "Steindorsson,S"]
[Black "Halldorsson,J"]
[Result "0-1"]
[WhiteElo "2216"]
[BlackElo "2202"]

1.c4 c6 2.Nf3 d5 3.b3 Bg4 4.Ne5 Bf5 5.Bb2 Nf6 6.d3 e6 7.Nd2 Nbd7 8.a3 Nxe5
9.Bxe5 Bd6 10.Bb2 O-O 11.g3 e5 12.Bg2 Qd7 13.h3 d4 14.Qc2 Rfe8 15.Ne4 Nxe4
16.dxe4 Be6 17.c5 Bc7 18.Rc1 a5 19.Qd3 f6 20.g4 Qf7 21.b4 axb4 22.axb4 Ra2
23.Qd2 Rea8 24.O-O h5 25.f3 Bc4 26.Ra1 Bb5 27.Rxa2 Rxa2 28.Ra1 b6 29.Kf2 bxc5
30.Rxa2 Qxa2 31.bxc5 Ba5 32.Qc1 Bb4 33.f4 d3  0-1

[Event "Highlands Open"]
[Site "Zdar nad Sazavou CZE"]
[Date "2009.09.28"]
[Round "4"]
[White "Lesinski,Z"]
[Black "Karhanek,P"]
[Result "0-1"]
[WhiteElo "1956"]
[BlackElo "2212"]

1.c4 c6 2.e4 e5 3.Nc3 Nf6 4.Nf3 d6 5.d4 Nbd7 6.d5 Be7 7.Bd3 O-O 8.O-O a5
9.Kh1 Nc5 10.Ng1 Nxd3 11.Qxd3 Nd7 12.Be3 Nc5 13.Bxc5 dxc5 14.Nge2 f5 15.f4 exf4
16.e5 b5 17.cxb5 cxb5 18.d6 Be6 19.Nxb5 Bg5 20.Nc7 c4 21.Qf3 Bf7 22.Qxa8 Qxa8
23.Nxa8 Rxa8 24.Nd4 Bd5 25.Rae1 Rb8 26.Re2 Be4 27.Rd1 Bd3 28.Rf2 f3 29.Rxf3 Rxb2
30.Rfxd3 cxd3 31.Nf3 Be3 32.e6 Kf8 33.g3 d2 34.Kg2 Rb6 35.d7 Ke7 36.Ne5 Rxe6
37.Nc4 Bh6 38.Kf3 Re1  0-1

[Event "74th ch-ESP Absoluto"]
[Site "Palma de Mallorca ESP"]
[Date "2009.09.29"]
[Round "4"]
[White "Cuenca Jimenez,F"]
[Black "Oliver Font,J"]
[Result "1-0"]
[WhiteElo "2189"]
[BlackElo "1915"]

1.c4 c6 2.Nf3 Nf6 3.g3 e6 4.Bg2 d5 5.b3 Nbd7 6.Bb2 Bd6 7.d4 O-O 8.O-O Re8
9.Nc3 Qa5 10.Qc2 Ba3 11.Bxa3 Qxa3 12.Nd2 Qd6 13.Rad1 e5 14.dxe5 Qxe5 15.cxd5 cxd5
16.Nb5 Rd8 17.Nf3 Qe7 18.Nc7 Rb8 19.Nxd5 Nxd5 20.Rxd5 Re8 21.Qc7 Nf6 22.Qxe7 Rxe7
23.Rd8+ Re8 24.Rxe8+ Nxe8 25.Nd4 Kf8 26.Rc1 Bd7 27.e3 a6 28.b4 Rc8 29.Rxc8 Bxc8
30.Kf1 Nd6 31.Ke2 Ke7 32.Kd3 f6 33.Bd5 Bd7 34.e4 Bc8 35.a4 Bd7 36.a5 Bc8
37.f4 h6 38.h4 Ne8 39.Nb3 Nc7 40.Nc5 Nxd5 41.exd5 Kd6 42.Kd4 Kc7 43.Ne6+ Bxe6
44.dxe6 Kd6 45.f5 h5 46.Ke4 Kc6 47.Kf4  1-0

[Event "69th ch-ITA s/f"]
[Site "Arvier ITA"]
[Date "2009.09.30"]
[Round "5"]
[White "Molina,Fa"]
[Black "Astengo,M"]
[Result "1/2-1/2"]
[WhiteElo "2245"]
[BlackElo "2117"]

1.c4 c6 2.Nf3 d5 3.d4 e6 4.g3 Nf6 5.Bg2 Nbd7 6.O-O dxc4 7.Qc2 Bd6 8.Nbd2 b5
9.b3 c3 10.Qxc3 Bb7 11.Bb2 Rc8 12.Qd3 O-O 13.e4 Be7 14.Rfd1 Qb6 15.a4 Rfd8
16.a5 Qc7 17.Qe2 a6 18.Rdc1 Qb8 19.e5 Nd5 20.Ne4 c5 21.Ba3 cxd4 22.Bxe7 Nxe7
23.Rxc8 Nxc8 24.Rd1 Ne7 25.Rxd4 Nc6 26.Rd1 Ndxe5 27.Rxd8+ Nxd8 28.Nc5 Nxf3+
29.Bxf3 Bxf3 30.Qxf3 Qc8 31.b4 Nc6 32.Qc3 e5 33.Ne4 Qe6 34.Ng5 Nd4 35.Qc7 Qe8
36.Qd6 f6 37.Qd5+ Kf8 38.Qc5+ Kg8 39.Qd5+ Kf8 40.Qd6+ Kg8 41.Qd5+ Kf8  1/2-1/2

[Event "74th ch-ESP Absoluto"]
[Site "Palma de Mallorca ESP"]
[Date "2009.10.01"]
[Round "6"]
[White "Cuenca Jimenez,F"]
[Black "Suau Mercer,P"]
[Result "1-0"]
[WhiteElo "2189"]
[BlackElo "1924"]

1.c4 c6 2.Nf3 d5 3.b3 Nf6 4.g3 Bf5 5.Bg2 h6 6.O-O e6 7.Bb2 Nbd7 8.d4 Be7
9.Nc3 Qb6 10.Ne5 Nxe5 11.dxe5 Nd7 12.cxd5 exd5 13.e4 dxe4 14.Nxe4 O-O 15.Nd6 Be6
16.Qc2 Rfd8 17.Rad1 Qc7 18.f4 Nb6 19.f5 Bc8 20.f6 gxf6 21.Nb5 Qb8 22.exf6 cxb5
23.fxe7  1-0

[Event "ch-ChessClub A"]
[Site "Reykjavik ISL"]
[Date "2009.10.04"]
[Round "5"]
[White "Fridjonsson,J"]
[Black "Halldorsson,J"]
[Result "0-1"]
[WhiteElo "2216"]
[BlackElo "2202"]

1.c4 c6 2.Nc3 d5 3.d4 Nf6 4.e3 a6 5.a4 g6 6.Nf3 Bg7 7.Qb3 O-O 8.h3 Re8 9.Be2 Ra7
10.O-O e6 11.Rd1 Nbd7 12.Bd2 b6 13.Rac1 Rc7 14.cxd5 cxd5 15.Na2 Ne4 16.Be1 Bb7
17.Nb4 Nb8 18.Ne5 f6 19.Ned3 Ree7 20.Nf4 Kf7 21.h4 Rxc1 22.Rxc1 Rc7 23.Rd1 Qc8
24.Nfxd5 exd5 25.f3 Nd6 26.Nxd5 Bxd5 27.Qxd5+ Qe6 28.Qa8 Qxe3+ 29.Bf2 Qxe2
30.Re1 Qc4 31.Qxb8 Qc6 32.d5 Qb7 33.Qd8 Rd7 34.Qxb6 Qxb6 35.Bxb6 Nc4  0-1

[Event "Arco Open A"]
[Site "Arco ITA"]
[Date "2009.10.17"]
[Round "1"]
[White "Helbig,D"]
[Black "Astengo,M"]
[Result "0-1"]
[WhiteElo "1858"]
[BlackElo "2134"]

1.c4 c6 2.Nc3 Nf6 3.d4 d5 4.cxd5 cxd5 5.Nf3 Nc6 6.Bg5 Qb6 7.Na4 Qb4+ 8.Bd2 Qd6
9.e3 g6 10.Bb5 Nd7 11.O-O Bg7 12.a3 O-O 13.Rc1 Ndb8 14.Qb3 Bg4 15.Be2 Nd7
16.h3 Bf5 17.Nc3 Nb6 18.Nb5 Qd8 19.Nc3 Re8 20.Bb5 Qd6 21.Na4 Nxa4 22.Bxa4 Rab8
23.Rc5 Be4 24.Ng5 e5 25.f3 exd4 26.fxe4 Qxc5 27.exd5 dxe3 28.dxc6 exd2+ 29.Kh1 Qxg5
30.c7 b5 31.cxb8=Q Rxb8 32.Qxf7+ Kh8 33.Qxa7 Qg3 34.Bb3 Be5 35.Qg1 Qxb3 36.g4 Qxh3+  0-1

[Event "Arco Open A"]
[Site "Arco ITA"]
[Date "2009.10.17"]
[Round "1"]
[White "Pistone,S"]
[Black "Zucchelli,M"]
[Result "0-1"]
[WhiteElo "1864"]
[BlackElo "2159"]

1.c4 c6 2.Nc3 d5 3.cxd5 cxd5 4.d4 Nf6 5.Nf3 e6 6.e3 Be7 7.Bd3 Nc6 8.O-O O-O
9.a3 b6 10.b4 Bb7 11.Bb2 Rc8 12.Qe2 a5 13.b5 Nb8 14.Rfc1 Nbd7 15.e4 Rxc3
16.Rxc3 dxe4 17.Rac1 exd3 18.Rxd3 Bxf3 19.Qxf3 Nd5 20.Rdd1 N7f6 21.Rc6 Qb8
22.a4 Nb4 23.Rc4 Nfd5  0-1

[Event "Bundesliga 2009-10"]
[Site "Hamburg GER"]
[Date "2009.10.18"]
[Round "2"]
[White "Ftacnik,L"]
[Black "Muse,D"]
[Result "1-0"]
[WhiteElo "2532"]
[BlackElo "2367"]

1.c4 c6 2.d4 d5 3.Nf3 Nf6 4.e3 Bg4 5.Nc3 e6 6.h3 Bxf3 7.Qxf3 Nbd7 8.Bd3 Bb4
9.Bd2 O-O 10.a3 Bd6 11.O-O a6 12.Qd1 dxc4 13.Bxc4 c5 14.dxc5 Bxc5 15.Be2 Qe7
16.Qb3 Bd6 17.Rfd1 Nc5 18.Qa2 Rfd8 19.Be1 Be5 20.Rac1 h6 21.Qb1 Rxd1 22.Rxd1 Rc8
23.Bf3 Qe8 24.Ne2 Qb5 25.Nd4 Qb6 26.Qc2 Rc7 27.b4 Ncd7 28.Qb1 g5 29.a4 Nf8
30.a5 Qa7 31.b5 Rd7 32.bxa6 Qxa6 33.Be2 Qa8 34.Nf3 Bc7 35.Qb5 Qd8 36.Rxd7 Qxd7
37.Qb2 Nd5 38.g3 Qa4 39.Bb5 Qd1 40.Be2 Qa4 41.Qxb7 Bxa5 42.Qa7 Qc2 43.Bxa5 Qxe2
44.Ne5 Qd1+ 45.Kh2  1-0

[Event "Arco Open A"]
[Site "Arco ITA"]
[Date "2009.10.21"]
[Round "5"]
[White "Grom,W"]
[Black "Knors,R"]
[Result "0-1"]
[WhiteElo "1957"]
[BlackElo "2113"]

1.c4 c6 2.Nc3 d5 3.cxd5 cxd5 4.d4 Nf6 5.Nf3 Nc6 6.h3 Bf5 7.a3 e6 8.Bg5 Be7
9.e3 Qb6 10.b4 Rc8 11.Bxf6 Bxf6 12.Rc1 O-O 13.Na4 Qd8 14.Nc5 b6 15.Nd3 Qd6
16.Be2 a5 17.b5 Nb8 18.Ra1 Rc3 19.a4 Nd7 20.O-O Rfc8 21.Nfe1 h6 22.f4 g5
23.Bg4 Be4 24.Bh5 Bf5 25.g4 Bg6 26.Qe2 gxf4 27.Rxf4 Bg5 28.Rf3 e5 29.Rf2 Re8
30.Qf3 Rf8 31.Qg3  0-1

[Event "Arco Open A"]
[Site "Arco ITA"]
[Date "2009.10.21"]
[Round "5"]
[White "Helbig,D"]
[Black "Clech,JL"]
[Result "0-1"]
[WhiteElo "1858"]
[BlackElo "2052"]

1.c4 c6 2.Nc3 d5 3.cxd5 cxd5 4.d4 Nf6 5.Nf3 Nc6 6.Bf4 e6 7.e3 a6 8.Be2 Be7
9.O-O Nh5 10.Bg5 Nf6 11.h3 h6 12.Bf4 Bd7 13.a3 O-O 14.Bd3 Rc8 15.Qe2 Nh5
16.Bh2 f5 17.Ne5 Nxe5 18.dxe5 g6 19.g4 Ng7 20.Rac1 Qa5 21.Qe1 Qb6 22.Qd2 Rfd8
23.Ne2 Be8 24.Bg3 Bb5 25.Bxb5 Qxb5 26.Kh2 Rc4 27.Nd4 Qd7 28.Rxc4 dxc4 29.Qc3 b5
30.f3 Kh7 31.Be1 Qd5 32.Kg3 Qxe5+ 33.Kg2 f4 34.Qa5 Rd6 35.Qc7 Bd8 36.Qb8 Qd5
37.Bb4 Rb6 38.Qxf4 e5 39.e4 Qxd4 40.Qf8 Rf6 41.Qc5 Qxc5 42.Bxc5 Ne6  0-1

[Event "Chigorin Mem Open"]
[Site "St Petersburg RUS"]
[Date "2009.10.22"]
[Round "7"]
[White "Duzhakov,I"]
[Black "Alekseenko,K"]
[Result "1-0"]
[WhiteElo "2321"]
[BlackElo "2174"]

1.c4 c6 2.Nf3 Nf6 3.d4 d5 4.e3 a6 5.Bd3 g6 6.O-O Bg7 7.b3 O-O 8.Qc2 Ne8 9.Nc3 b5
10.cxd5 cxd5 11.Nxd5 Bb7 12.Nc3 Bxf3 13.gxf3 Nc6 14.Qe2 e5 15.d5 e4 16.Nxe4 Qxd5
17.Bb2 Bxb2 18.Qxb2 f5 19.Rfd1 Qe5 20.Qxe5 Nxe5 21.Ng5 h6 22.Ne6 Nxf3+ 23.Kg2 Rf6
24.Nc5 Nh4+ 25.Kf1 Nf3 26.h3 Ne5 27.Be2 f4 28.Rd5 Nc6 29.exf4 Rxf4 30.Rad1 Ng7
31.Rd6 Rc8 32.Rxg6 Nd4 33.Rxd4 Rxd4 34.Rxg7+ Kxg7 35.Ne6+ Kf6 36.Nxd4 Rc1+
37.Kg2 Ra1 38.f4 Rxa2 39.Kf3 Ra1 40.Ke4 Rh1 41.Bg4 Rb1 42.Bd7 Re1+ 43.Kd5 Rf1
44.Kc5 Rxf4 45.b4 Rf1 46.Nc6 Ra1 47.Kb6 Ra4 48.Bc8 a5 49.bxa5 b4 50.Ba6 b3
51.Bd3 b2 52.a6 Ra3 53.Bb1 Rb3+ 54.Kc5 Kg5 55.a7 Ra3 56.Kb4 Ra6 57.Kb5 Rxa7
58.Nxa7 Kh4 59.Bf5 Kg5 60.Bb1 Kh4 61.Kc4 Kxh3 62.Kc3 h5 63.Kxb2 h4 64.Nc6 Kg3
65.Be4 h3 66.Nd4 h2 67.Kc3 Kf2 68.Kd2 Kg1 69.Ne2+ Kf1 70.Ke3 Ke1 71.Ng3 Kd1
72.Kf2 Kc1 73.Kg2 Kb2 74.Kxh2 Ka1 75.Kg2 Kb2 76.Kf2 Ka1 77.Ke2 Kb2 78.Kd2 Ka1
79.Kc3 Ka2 80.Ne2 Ka1 81.Nd4 Ka2 82.Nb3 Ka3 83.Bb1 Ka4 84.Nd4 Ka3 85.Nb5+ Ka4
86.Kc4 Ka5 87.Kc5 Ka6 88.Nd6 Ka5 89.Bc2 Ka6 90.Bd1 Ka5 91.Nb7+ Ka6 92.Kc6 Ka7
93.Kc7 Ka6 94.Be2+ Ka7 95.Nd6 Ka8 96.Bd3 Ka7 97.Nc8+  1-0

[Event "Guernsey Open"]
[Site "Guernsey GCI"]
[Date "2009.10.23"]
[Round "6"]
[White "Livesey,N"]
[Black "Dijksterhuis,R"]
[Result "0-1"]
[WhiteElo "1921"]
[BlackElo "2045"]

1.c4 c6 2.g3 d5 3.Bg2 Nf6 4.Nf3 e6 5.O-O Nbd7 6.cxd5 cxd5 7.Nc3 Be7 8.d4 O-O
9.Bf4 a6 10.Rc1 b5 11.Qd3 Bb7 12.Rc2 Rc8 13.Rfc1 Qb6 14.Ne5 Nxe5 15.Bxe5 Nd7
16.Bf4 Rc4 17.Be3 Rfc8 18.b3 R4c6 19.Nb1 b4 20.Nd2 a5 21.Nf3 Ba6 22.Qd2 Qb5
23.Bf1 f6 24.Rxc6 Rxc6 25.Rxc6 Qxc6 26.Qc1 Nb8 27.Bf4 g5 28.Bd2 g4 29.Ne1 Qxc1
30.Bxc1 Nc6 31.e3 Bxf1 32.Kxf1 e5 33.Nd3 Kf7 34.dxe5 fxe5 35.Bb2 Ke6 36.Ke2 Kf5
37.Ne1 Bf6 38.Nc2 Ke4 39.Ne1 Kf5 40.Kd2 Nd8 41.Nd3 Ne6 42.a4 Ng5 43.Nc5 Bd8
44.Nd7 Bc7 45.Ke2 Bd6 46.Nb6 Ke4 47.Nd7 Kf5 48.Nb6 Ke6 49.Ba1 Bc5 50.Na8 Kd6
51.Nc7 Kxc7 52.Bxe5+ Kc6 53.Bf6 Nf3 54.h4 Bd6 55.Bd8 Bc7 56.Bf6 Ne5 57.Kd2 Nd7
58.Be7 Nc5  0-1

[Event "17th TCh-Eur"]
[Site "Novi Sad SRB"]
[Date "2009.10.23"]
[Round "2"]
[White "Johannessen,LE"]
[Black "Arngrimsson,D"]
[Result "1-0"]
[WhiteElo "2532"]
[BlackElo "2396"]

1.c4 c6 2.e4 d5 3.exd5 cxd5 4.cxd5 Nf6 5.Nc3 Nxd5 6.Nf3 Nc6 7.Bb5 e6 8.O-O Be7
9.d4 O-O 10.Re1 Bd7 11.Bd3 Ncb4 12.Bb1 Nf6 13.Ne5 Rc8 14.Re3 Bc6 15.Rg3 Re8
16.Bg5 g6 17.h4 Nd7 18.Bxe7 Qxe7 19.h5 Nxe5 20.dxe5 Red8 21.Qg4 Be8 22.Be4 Nc6
23.Qf4 Nd4 24.Re1 b5 25.Bd3 Nf5 26.Bxf5 exf5 27.Qxf5 Bc6 28.e6 fxe6 29.Rxe6  1-0

[Event "WJun"]
[Site "Puerto Madryn ARG"]
[Date "2009.10.23"]
[Round "3"]
[White "Grigoryan,Av"]
[Black "Potapov,P"]
[Result "1/2-1/2"]
[WhiteElo "2515"]
[BlackElo "2429"]

1.c4 c6 2.Nc3 d5 3.e3 Nf6 4.Nf3 e6 5.b3 Nbd7 6.Bb2 Bd6 7.Qc2 O-O 8.Be2 Re8
9.Rg1 e5 10.g4 Nc5 11.g5 Nfe4 12.Nd1 Na6 13.a3 Nec5 14.d4 exd4 15.Nxd4 Ne4
16.cxd5 cxd5 17.Bxa6 bxa6 18.f3 Nc5 19.b4 Ne6 20.h4 Qb6 21.Kf2 Bd7 22.Nxe6 fxe6
23.Nc3 Bf4 24.Nd1 Rac8 25.Qd2 Bd6 26.Nc3 Bf4 27.Ne2  1/2-1/2

[Event "Open"]
[Site "Liberec CZE"]
[Date "2009.10.24"]
[Round "1"]
[White "Roesemann,R"]
[Black "Loberg,J"]
[Result "1-0"]
[WhiteElo "2270"]
[BlackElo "1891"]

1.c4 c6 2.Nf3 Nf6 3.g3 d5 4.Bg2 Bf5 5.cxd5 cxd5 6.Qb3 Qc7 7.Nc3 e6 8.d3 Nbd7
9.Bf4 Qb6 10.Nb5 Rc8 11.O-O a6 12.Rac1 Rc5 13.Nd6+ Bxd6 14.Qxb6 Nxb6 15.Bxd6 Rc8
16.Bb4 Nfd7 17.Rxc8+ Nxc8 18.Rc1 Kd8 19.e4 dxe4 20.dxe4 Bg6 21.Nd4 e5 22.Nf5 Bxf5
23.exf5 b6 24.Bb7  1-0

[Event "TCh-SLO East 1st League"]
[Site "Sentjur SLO"]
[Date "2009.10.24"]
[Round "3"]
[White "Kovacevic,Bl"]
[Black "Doric,D"]
[Result "1/2-1/2"]
[WhiteElo "2425"]
[BlackElo "2456"]

1.c4 c6 2.Nc3 d5 3.d4 Nf6 4.cxd5 cxd5 5.Bf4 Nc6 6.e3 a6 7.Bd3 Bg4 8.Nge2 e6
9.O-O Bd6 10.f3 Bh5 11.Rc1 Bg6 12.Na4 O-O 13.Bxd6 Qxd6 14.Nc5 Rab8 15.Bxg6 hxg6
16.Qa4 Rfc8 17.Rc3 Nd7 18.Nxd7 Qxd7 19.Nf4 Qd6 20.Rfc1 Re8 21.Nd3 e5 22.dxe5 Nxe5
23.Nxe5 Qxe5 24.Qd4 Qg5 25.Kf2 Re6 26.Rc8+ Rxc8 27.Rxc8+ Kh7 28.Rc7 Rc6 29.Rxf7 Rc2+
30.Ke1 Qh6 31.Rf4 Rc4 32.Qxd5 Rxf4 33.exf4 Qxh2 34.Qxb7 Qg1+ 35.Kd2 Qd4+
36.Ke2 Qc4+ 37.Kf2 Qxa2 38.Kg3 a5 39.Qb5 Qb1 40.Kg4 a4 41.Qe5 Qc2 42.g3 Qc4
43.Kg5 Qc1 44.Qe6 Qc5+ 45.f5 Qc1+ 46.f4 gxf5 47.Qxf5+ Kh8 48.Qe5 Qc6 49.f5 Kh7
50.Qd4 Qc1+ 51.Kh5 Qh6+ 52.Kg4 Qc6 53.Qd3 Kg8 54.Qe2 Qc1 55.Qe5 Qc6 56.Qf4 Kh7
57.Kh5 Kh8 58.f6 gxf6 59.Kg6 Qe8+ 60.Kxf6 Qf8+ 61.Ke6 Qe8+ 62.Kf6 Qf8+ 63.Ke5 Qe7+
64.Kf5 Qf7+ 65.Ke4 Qb7+ 66.Kf5  1/2-1/2

[Event "Arco Open A"]
[Site "Arco ITA"]
[Date "2009.10.25"]
[Round "9"]
[White "Dappiano,A"]
[Black "Knors,R"]
[Result "1/2-1/2"]
[WhiteElo "1975"]
[BlackElo "2113"]

1.c4 c6 2.g3 d5 3.Bg2 Nf6 4.Nf3 e6 5.O-O Nbd7 6.d3 Bd6 7.b3 O-O 8.Bb2 Qe7
9.Nbd2 Re8 10.e4 dxe4 11.dxe4 e5 12.Qc2 a5 13.Rfd1 Bc5 14.h3 Nh5 15.Nf1 f6
16.Qe2 g6 17.Kh2 Nf8 18.Ne3 Ne6 19.Ng4 Nc7 20.Nh4 Ne6 21.Nh6+ Kh8 22.Bf3 Nhg7
23.Bh1 Nd4 24.Qf1 Nge6 25.Nf3 Qg7 26.Ng4 Nxf3+ 27.Bxf3 Nd4 28.Bg2 Be6 29.Ne3 a4
30.Qd3 Red8 31.Nc2 axb3 32.axb3 Rxa1 33.Rxa1 Qe7 34.Nxd4 Bxd4 35.Bxd4 Rxd4
36.Qc3 Qc5 37.Ra5 Qb6 38.f4 Rd1 39.c5 Qxb3 40.Qxb3 Bxb3 41.Ra8+ Kg7 42.Re8 Bf7
43.Re7 Kf8 44.Rxb7 Rc1 45.Rb8+ Kg7 46.Rc8 Rxc5 47.Rc7 Rc2 48.h4 c5 49.Kg1 Rc1+
50.Kf2 Kf8 51.Bh3 Rc2+ 52.Kg1 exf4 53.gxf4 Re2 54.Rc8+ Kg7 55.Bg2 c4 56.Kf1 Rd2
57.Rc7 Kf8 58.e5 fxe5 59.fxe5 Be6 60.h5 gxh5 61.Be4 h6 62.Rc6 Rd4 63.Rxe6 Rxe4
64.Rc6 Rxe5 65.Rxc4 Rg5 66.Rc2 Kg7 67.Rg2 Kg6 68.Kg1 h4 69.Kh2 Kh5 70.Ra2 Kg4
71.Ra4+ Kh5 72.Rb4 Ra5 73.Kh3 Ra3+ 74.Kh2 Rf3 75.Kg2 Rf5 76.Kh3 Kg5 77.Rg4+  1/2-1/2

[Event "24th GP Open A"]
[Site "Le Touquet FRA"]
[Date "2009.10.27"]
[Round "5"]
[White "Pytel,K"]
[Black "Maleki,N"]
[Result "1/2-1/2"]
[WhiteElo "2380"]
[BlackElo "2179"]

1.c4 c6 2.e4 e5 3.Nf3 d6 4.d4 Nd7 5.Nc3 Ngf6 6.Be2 Be7 7.O-O O-O 8.Re1 Qc7
9.Bf1 Re8 10.Rb1 Bf8 11.b4 a5 12.a3 axb4 13.axb4 g6 14.h3 Bg7 15.d5 b5 16.dxc6 Qxc6
17.Nxb5 Nxe4 18.Qd5 Qxd5 19.cxd5 f5 20.Nc7 Bb7 21.Nxe8 Rxe8 22.Bb5 Re7 23.Bc6 Ndf6
24.Bg5 Nxg5 25.Nxg5 h6 26.Nf3 Nxd5 27.Bxd5+ Bxd5 28.Rbd1 Bxf3 29.gxf3 Rb7
30.Rxd6 Kf7 31.Red1 Rxb4 32.Rd7+ Kg8 33.R1d6 Rd4 34.Rxd4 exd4 35.Kf1 Kh7
36.Ke2 h5 37.Kd3 Kh6 38.Kc4 Bf6 39.Rf7 Bh4 40.Kxd4 Bxf2+ 41.Ke5 Be1 42.Rb7 Kg5
43.Rb1 Bg3+ 44.Ke6 Kf4 45.Kf6 Kxf3 46.Kxg6 Kg2 47.Kxf5 Kxh3 48.Rh1+ Bh2 49.Kg5 h4
50.Rd1 Bg3 51.Rd2 Bf4+ 52.Kxf4  1/2-1/2

[Event "17th TCh-Eur"]
[Site "Novi Sad SRB"]
[Date "2009.10.27"]
[Round "6"]
[White "Ruck,R1"]
[Black "Perunovic,Mil"]
[Result "1/2-1/2"]
[WhiteElo "2548"]
[BlackElo "2572"]

1.c4 c6 2.d4 d5 3.Nf3 Nf6 4.Nc3 dxc4 5.a4 Bf5 6.Ne5 Nbd7 7.Nxc4 Nb6 8.Ne5 a5
9.g3 Nfd7 10.Nxd7 Qxd7 11.e4 Bh3 12.Bxh3 Qxh3 13.Qb3 Ra6 14.Bf4 e6 15.Be5 f6
16.Bc7 Bb4 17.O-O-O O-O 18.Ne2 g5 19.Bxb6 Rxb6 20.Kb1 Bc5 21.Qa2 Be7 22.Rhf1 Kg7
23.Ng1 Qg2 24.Qxe6 Re8 25.b3 Kf8 26.Rfe1 Bd8 27.Qd6+ Be7 28.Qe6 Bd8 29.Qd6+ Be7  1/2-1/2

[Event "Open"]
[Site "Liberec CZE"]
[Date "2009.10.29"]
[Round "7"]
[White "Tejnsky,B"]
[Black "Jiruse,J"]
[Result "0-1"]
[WhiteElo "1973"]
[BlackElo "2066"]

1.c4 c6 2.d4 d5 3.Nf3 Nf6 4.Nc3 e6 5.Bg5 Be7 6.e3 Ne4 7.Bxe7 Qxe7 8.Nd2 Nxd2
9.Qxd2 O-O 10.Bd3 dxc4 11.Bxc4 Nd7 12.O-O e5 13.d5 Nb6 14.Bb3 Rd8 15.Rad1 cxd5
16.Nxd5 Nxd5 17.Bxd5 Bg4 18.f3 Be6 19.e4 Bxd5 20.exd5 Qc5+ 21.Rf2 Rd6 22.Qc2 Rxd5
23.Qxc5 Rxc5 24.Rd7 Rc1+ 25.Rf1 Rxf1+ 26.Kxf1 b6 27.a4 Kf8 28.b4 a5 29.b5 Rc8
30.Rb7 Rc4 31.Rxb6 Rxa4 32.Ra6 Ke7 33.b6 Kd6 34.b7+ Kc7 35.Rb6 Kb8 36.Rb5 f6
37.Kf2 Ra3 38.h4 a4 39.Rb4 h5 40.g4 hxg4 41.fxg4 Ra1 42.Ke2 a3 43.Kd2 a2
44.Ra4 Rg1  0-1

[Event "24th GP Open A"]
[Site "Le Touquet FRA"]
[Date "2009.10.30"]
[Round "9"]
[White "Heberla,B"]
[Black "Burg,T"]
[Result "1-0"]
[WhiteElo "2536"]
[BlackElo "2449"]

1.c4 c6 2.e4 d5 3.cxd5 cxd5 4.exd5 Nf6 5.Qa4+ Nbd7 6.Nc3 g6 7.Nf3 Bg7 8.Bc4 O-O
9.d3 a6 10.Qa3 Nb6 11.Qb3 Nxc4 12.dxc4 e6 13.O-O exd5 14.cxd5 Bg4 15.Ne5 Bf5
16.Qxb7 Rb8 17.Qxa6 Nxd5 18.Nc6 Nb4 19.Nxd8 Nxa6 20.Nc6 Rb7 21.Na5 Rbb8 22.Nb3 Nb4
23.Bf4 Rbd8 24.Bg5 Rd7 25.Nc5 Rc7 26.N5a4 h6 27.Bf4 Rd7 28.Rad1 Nd3 29.Be3 Nxb2
30.Rxd7 Bxd7 31.Nxb2 Bxc3 32.Nc4 Be6 33.Rc1 Bg7 34.a4 Ra8 35.Nb6 Ra6 36.Rb1 Bf6
37.Rb5 Bd8 38.a5 g5 39.h3 f5 40.Bd4 Kf7 41.Be5 f4 42.Kh2 Kg6 43.Bc3 Ra7 44.Be5 Ra6
45.Bd4 Bf5 46.Nc4 Be4 47.Ne5+ Kh7 48.f3 Ba8 49.Bb6 Be7 50.Nd3 Bc6 51.Re5 Ba3
52.Re6 Bb5 53.Nf2 Bb4 54.Ng4 Bf8 55.Nf6+ Kh8 56.Nd5 Bc4 57.Bd4+ Kg8 58.Rxa6 Bxa6
59.Nc7 Bb7 60.a6 Bc6 61.a7 h5 62.a8=Q Bxa8 63.Nxa8 h4 64.Nc7 Kf7 65.Kg1 Bd6
66.Nb5 Be7 67.Kf2 Ke6 68.Ke2 Kd5 69.Kd3 Bd8 70.Nc3+ Ke6 71.Ke4  1-0

[Event "World Seniors"]
[Site "Condino ITA"]
[Date "2009.11.02"]
[Round "6"]
[White "Butnorius,A"]
[Black "Klundt,K"]
[Result "1/2-1/2"]
[WhiteElo "2433"]
[BlackElo "2337"]

1.c4 c6 2.e4 d5 3.exd5 cxd5 4.d4 Nf6 5.Nc3 Nc6 6.Bg5 e6 7.Nf3 Be7 8.c5 O-O
9.Bb5 Ne4 10.Bxe7 Nxe7 11.Bd3 Nxc3 12.bxc3 b6 13.cxb6  1/2-1/2

[Event "WJun"]
[Site "Puerto Madryn ARG"]
[Date "2009.11.03"]
[Round "13"]
[White "Iturrizaga,E"]
[Black "Lenderman,A"]
[Result "0-1"]
[WhiteElo "2605"]
[BlackElo "2542"]

1.c4 c6 2.Nf3 d5 3.e3 Nf6 4.Nc3 a6 5.Qc2 b5 6.b3 g6 7.Bb2 Bg7 8.cxd5 O-O
9.dxc6 Nxc6 10.d4 Bf5 11.Qd2 e5 12.d5 Nb4 13.e4 Bh6 14.Qxh6 Nc2+ 15.Ke2 b4
16.Na4 Nxa1 17.Bxa1 Bxe4 18.Qe3 Rc8 19.Ne1 Bb1 20.Kf3 Be4+ 21.Ke2 Bf5 22.Qb6 Qxd5
23.f3 Rc1 24.Kf2 Rxa1 25.Qxf6 Qd4+  0-1